| 000 | 00534nam a2200181Ia 4500 | ||
|---|---|---|---|
| 005 | 20250508162654.0 | ||
| 008 | 008 250505s9999 xx 000 0 hin d | ||
| 037 | _aReference | ||
| 040 |
_aFEDL _beng _cFEDL |
||
| 041 |
_ahin _2eng |
||
| 084 |
_a294.503, BAH _qFEDL |
||
| 100 | _aBahri Hardev | ||
| 245 | 0 | _aPrachin bhartiya sanskrit kosh: Vaidik kal se 12vi shatabdi tak | |
| 260 |
_aNew Delhi, India _bVidya Prakashan Mandir _c1988 |
||
| 300 | _a455p | ||
| 942 |
_cREF _h294.503, BAH |
||
| 999 |
_c1377973 _d1377973 |
||